000 00590nam a2200205Ia 4500
005 20250508162038.0
008 008 250505s9999 xx 000 0 eng d
037 _aReference
040 _aFEDL
_beng
_cFEDL
041 _aeng
_2eng
084 _a370.954, TEW
_qFEDL
100 _aTewari R P Ed.
_9772134
245 0 _aCritique of education for our people
260 _aNew Delhi, India
_bSouth Asian Publishiers Pvt. Ltd.
_c1980
300 _axii,210p
365 _aINR
_b50
650 _aEducation - India
942 _cREF
_h370.954, TEW
999 _c1374044
_d1374044